<?xml version="1.0" encoding="UTF-8"?>
<record
    xmlns:xsi="http://www.w3.org/2001/XMLSchema-instance"
    xsi:schemaLocation="http://www.loc.gov/MARC21/slim http://www.loc.gov/standards/marcxml/schema/MARC21slim.xsd"
    xmlns="http://www.loc.gov/MARC21/slim">

  <leader>01541nam a22001577a 4500</leader>
  <datafield tag="082" ind1=" " ind2=" ">
    <subfield code="a">629.8</subfield>
  </datafield>
  <datafield tag="100" ind1=" " ind2=" ">
    <subfield code="a">Ullah Noor, Zabeeh </subfield>
    <subfield code="9">129051</subfield>
  </datafield>
  <datafield tag="245" ind1=" " ind2=" ">
    <subfield code="a">ENHANCED NOVEL VIEW SYTHESIS VIA DEEP LEARNING-BASED 3D GAUSSIAN SPLATTING /</subfield>
    <subfield code="c"> Zabeeh Ullah Noor</subfield>
  </datafield>
  <datafield tag="264" ind1=" " ind2=" ">
    <subfield code="a">Islamabad: </subfield>
    <subfield code="b">SMME- NUST. </subfield>
    <subfield code="c">2024. </subfield>
  </datafield>
  <datafield tag="300" ind1=" " ind2=" ">
    <subfield code="a">83p. ;</subfield>
    <subfield code="b">Soft Copy, </subfield>
    <subfield code="c">30cm.</subfield>
  </datafield>
  <datafield tag="500" ind1=" " ind2=" ">
    <subfield code="a">3D Gaussian Splatting (3DGS) has emerged as a breakthrough in explicit radiance
fields and computer graphics which has enabled precise scene representation, real
time rendering, and efficient novel view synthesis. This paper explores the evolution
of 3D rendering and recent advancements in 3DGS, with a particular focus on
different techniques for synthesizing novel views with the incorporation of deep
learning architectures especially transformers. To enhance scene quality, this
research investigates the integration of monocular depth information during
rendering and refines the loss function to improve reconstruction accuracy. By
incorporating depth information our method enhances geometric details by
capturing intricate details and reduction of artifacts. The findings contribute to the
reconstruction of 3D scene with high fidelity, offering insights to optimize Gaussian
Splatting technique for more efficient and realistic 3D rendering applications.</subfield>
  </datafield>
  <datafield tag="650" ind1=" " ind2=" ">
    <subfield code="a">MS Robotics and Intelligent Machine Engineering   </subfield>
    <subfield code="9">119486</subfield>
  </datafield>
  <datafield tag="700" ind1=" " ind2=" ">
    <subfield code="a">Supervisor : Dr Sara Baber</subfield>
    <subfield code="9">129046</subfield>
  </datafield>
  <datafield tag="856" ind1=" " ind2=" ">
    <subfield code="u">http://10.250.8.41:8080/xmlui/handle/123456789/52946</subfield>
  </datafield>
  <datafield tag="942" ind1=" " ind2=" ">
    <subfield code="2">ddc</subfield>
    <subfield code="c">THE</subfield>
  </datafield>
  <datafield tag="999" ind1=" " ind2=" ">
    <subfield code="c">613800</subfield>
    <subfield code="d">613800</subfield>
  </datafield>
  <datafield tag="952" ind1=" " ind2=" ">
    <subfield code="0">0</subfield>
    <subfield code="1">0</subfield>
    <subfield code="4">0</subfield>
    <subfield code="7">0</subfield>
    <subfield code="a">SMME</subfield>
    <subfield code="b">SMME</subfield>
    <subfield code="c">EB</subfield>
    <subfield code="d">2025-05-22</subfield>
    <subfield code="l">0</subfield>
    <subfield code="o">629.8</subfield>
    <subfield code="p">SMME-TH-1132</subfield>
    <subfield code="r">2025-05-22</subfield>
    <subfield code="w">2025-05-22</subfield>
    <subfield code="y">THE</subfield>
  </datafield>
</record>
